|
|
|
|
| LEADER |
00000nam a2200000 i 4500 |
| 001 |
DIGVIETO127 |
| 003 |
NyNyDIG |
| 008 |
200515s2016 sp ob 000 0 spa d |
| 006 |
m o d |
| 007 |
cr ||||||||||| |
| 035 |
|
|
|a (OCoLC)1155428663
|
| 040 |
|
|
|a DGITA
|b eng
|e rda
|e pn
|c DGITA
|
| 020 |
|
|
|z 9788416288724
|
| 020 |
|
|
|z 8416288720
|
| 041 |
1 |
|
|a spa
|h fre
|
| 043 |
|
|
|a e------
|
| 050 |
1 |
4 |
|a HG925 ebook
|
| 082 |
0 |
4 |
|a 332.494
|
| 100 |
1 |
|
|a Lordon, Frédéric,
|d 1962-
|e author.
|
| 240 |
1 |
0 |
|a Malfaçon.
|l Spanish
|s (Vivanco)
|
| 245 |
1 |
3 |
|a La chapuza :
|b moneda europea y soberanía democrática /
|c Frédéric Lordon ; traducción de Juan Vivanco.
|
| 264 |
|
1 |
|a Vilassar de Dalt (Barcelona) :
|b El Viejo Topo
|c [2016]
|
| 300 |
|
|
|a 1 online resource.
|
| 336 |
|
|
|a text
|b txt
|2 rdacontent
|
| 337 |
|
|
|a computer
|b c
|2 rdamedia
|
| 338 |
|
|
|a online resource
|b cr
|2 rdacarrier
|
| 347 |
|
|
|a text file
|2 rdaft
|
| 347 |
|
|
|b PDF
|
| 504 |
|
|
|a Includes bibliographical references.
|
| 588 |
0 |
|
|a Online resource; title from PDF title page (Digitalia, viewed May 25, 2020)
|
| 650 |
|
0 |
|a Monetary policy
|z European Union countries.
|
| 650 |
|
0 |
|a Money
|z European Union countries.
|
| 650 |
|
0 |
|a Euro.
|
| 655 |
|
0 |
|a Electronic books.
|
| 700 |
1 |
|
|a Vivanco, Juan,
|e translator.
|
| 700 |
1 |
|
|i Translation of:
|a Lordon, Frédéric, 1962-
|t Malfaçon.
|
| 791 |
2 |
|
|a Digitalia (Firm),
|e distributor.
|
| 793 |
0 |
|
|g Digitalia eBook Collection:
|a El Viejo Topo
|
| 776 |
0 |
8 |
|i Print version:
|a Lordon, Frédéric, 1962-
|s Malfaçon. Spanish (Vivanco).
|t Chapuza.
|d Vilassar de Dalt (Barcelona) : El Viejo Topo, [2016]
|z 9788416288724
|
| 856 |
4 |
0 |
|3 Digitalia Hispánica
|u https://www.digitaliapublishing.com/a/57721/
|
| 910 |
|
|
|a Premium collection: 2020
|